000 01386nam\a2200313\a\4500
001 57800
005 20260514195905.0
008 260514s2006 njua b 001 0 eng
015 _2bnb
020 _a9780691119151
_qacid-free paper
020 _a0691119155
_qacid-free paper
040 _aDLC
_cDLC
_dUKM
_dC#P
_dBAKER
_dCOO
_dNLGGC
_dYDXCP
_dBTCTA
_dMUQ
_dBD-DhIUB
082 0 0 _a519.6
_222
_bR971n
100 1 _aRuszczyński, Andrzej P.
245 1 0 _aNonlinear optimization /
_cAndrzej Ruszczyński.
260 _aPrinceton, N.J. :
_bPrinceton University Press,
_cc2006.
300 _axii, 448 p. :
_bill. ;
_c24 cm.
504 _aIncludes bibliographical references (p. [431]-444) and index.
526 _aCSE
_bps
_lREF
541 _aOmni concept
650 0 _aMathematical optimization.
650 0 _aNonlinear theories.
856 4 2 _3Publisher description
_uhttp://www.loc.gov/catdir/enhancements/fy0654/2005049614-d.html
856 4 1 _3Table of contents only
_uhttp://www.loc.gov/catdir/enhancements/fy0654/2005049614-t.html
856 4 2 _3Contributor biographical information
_uhttp://www.loc.gov/catdir/enhancements/fy0734/2005049614-b.html
942 _2ddc
_cBK
999 _c57800
_d57974